000
00308nam a2200133Ia 4500
008
191201s2007 xx 000 0 und d
082
_a
658.8
_b
JOI
100
_a
Joshi,Rakesh Mohan
245
0
_a
International Marketing
260
_a
N.Delhi
_b
Oxford
_c
2007
300
_a
-
650
_a
MBA
942
_2
ddc
_c
BK
999
_c
2976
_d
2976